Diseño integral en arquitectura

Uloženo v:
Podrobná bibliografie
Hlavní autor: Villasuso, Bernardo Marcelo
Médium: Elektronický zdroj E-kniha
Jazyk:španělština
Vydáno: Villa María, Córdoba, Argentina EDUVIM, Editorial Universitaria Villa María, 2011.
Edice:Digitalia eBook Collection: Ediciones Eduvim.
Témata:
On-line přístup:Digitalia Hispánica
Tagy: Přidat tag
Žádné tagy, Buďte první, kdo vytvoří štítek k tomuto záznamu!

MARC

LEADER 00000nam a2200000Ia 4500
001 DIGEDUV0122
003 NyNyDIG
006 m d
007 cr |||||||||||
008 140401s2011 ag ob 000 0 spa
020 |z 9789871727971 (pbk.) 
020 |z 9871727976 (pbk.) 
040 |a DGITA  |b eng  |e pn  |c DGITA 
050 4 |a NA2500 ebook 
100 1 |a Villasuso, Bernardo Marcelo 
245 1 0 |a Diseño integral en arquitectura   |h [electronic resource] /  |c Bernardo Marcelo Villasuso. 
260 |a Villa María, Córdoba, Argentina   |b EDUVIM, Editorial Universitaria Villa María,   |c 2011.   |e (New York, NY. :  |f Digitalia Inc,   |g 2012). 
300 |a 1 online resource (168 p.)  
506 |a Access restricted to subscribing institutions. 
650 0 |a Architecture  |x Aesthetics.  
655 0 |a Electronic books. 
791 2 |a Digitalia (Firm),  |e distributor. 
830 0 |a Digitalia eBook Collection: Ediciones Eduvim. 
856 4 0 |3 Digitalia Hispánica  |u https://digitalia.unach.elogim.com/a/19105/